Guess the Thai BL series by the picture #1 - Statistics

General Stats
  • This quiz has been taken 150 times
  • The average score is 8 of 24
Answer Stats
Picture Answer % Correct
the next prince
68%
khemjira
59%
bad buddy
58%
kinnporsche
56%
fish upon the sky
53%
my love mix up
53%
your sky
51%
2gether
43%
the eclipse
42%
boys in love
34%
not me
30%
head2head
25%
hidden agenda
25%
gelboys
23%
vice versa
23%
memoir of rati
19%
the trainee
19%
fourever you
15%
thamepo : heart that skips a beat
15%
a tale of thousand stars
12%
dead friend forever
12%
i feel you linger in the air
7%
spare me your mercy
7%
love in the moonlight
6%
No matching quizzes found
Score Distribution
Percent of People with Each Score
Percentile by Number Answered
Your Score History
You have not taken this quiz